000 00477nam a2200181Ia 4500
001 8049
005 20260306160540.0
008 260306t2011||||xx |||||||||||||| ||spa||
041 _aESP
082 _a370.1
_bD59
100 _aDerrick, Christopher
_eAUT
245 0 _aHuid del escepticismo:
_buna educación liberal como si la verdad contara para algo
260 _c2011
300 _a239 páginas :
_c18 cm.
650 _aGEN
654 _aCED
942 _cLIB
_dJUS
_fJUS
_2ddc
_n
999 _c8049
_d8049